| 000 | 00443ntaaa2200181 4500 | ||
|---|---|---|---|
| 003 | 01 | ||
| 005 | 20251027201608.0 | ||
| 008 | 0714s1973 ag 01 | ||
| 040 |
_aAR-BaBN _bspa _cAR-BaBN _eaacr _dRIC |
||
| 082 | _a230.0000 W26 | ||
| 100 |
_aWarchauer, J. _914556 |
||
| 245 | _aNew Evangel | ||
| 250 |
_a1 ed. : _bJ. Clarke and Co., _cc/907 |
||
| 300 | _a224 p. | ||
| 500 | _a"Studies in the New Theology" | ||
| 650 | _aTeologĂa | ||
| 942 | _cBK | ||
| 999 |
_c10542 _d10542 |
||